| 000 | 00455nam a2200145Ia 4500 | ||
|---|---|---|---|
| 008 | 220204s9999 xx 000 0 und d | ||
| 082 |
_a582.281 _bWAT |
||
| 245 | 0 | _aGenus phytophthora: Diagnoses or descriptions and figures from the original papers | |
| 260 |
_aKew _bCommonwealth Mycological Inst _c1956 |
||
| 490 | _aMiscellaneous publication; 12 | ||
| 650 | _aPhytophthora diagnoses | ||
| 700 | _aComp. | ||
| 700 | _aWATERHOUSE, Grace M | ||
| 942 | _cBK | ||
| 999 |
_c20231 _d20231 |
||